000 00715nam a2200289Ia 4500
005 20260324112604.0
008 008 260324s9999 xx 000 0 eng d
020 _a9781003016342
037 _aEBOOK
040 _aCRL
040 _beng
040 _cCRL
041 _2eng
041 _aeng
084 _qCRL
100 _aJoseph M. Zappala; Anthony W. D’Angelo
_91143327
245 0 _aPublic Relations Writing Worktext
245 2 _bA Practical Guide for the Profession
260 _bTaylor and Francis
260 _c2024
365 _a
365 _b220
856 _uhttp://www.taylorfrancis.com/books/9781003016342
942 _cEBOOK
999 _c1732585
_d1732585